[Event "ch-EU"]
[Site "Liverpool ENG"]
[Date "2006.09.12"]
[Round "7"]
[White "Swinkels,R"]
[Black "Galego,L"]
[Result "0-1"]
[WhiteElo "2286"]
[BlackElo "2528"]

1.e4 d6 2.d4 Nf6 3.Nc3 c6 4.f4 Qa5 5.e5 Ne4 6.Qf3 Nxc3 7.Bd2 Bf5 8.Bd3 Bxd3
9.cxd3 dxe5 10.fxe5 Qd5 11.bxc3 e6 12.Qg3 Nd7 13.Nf3 c5 14.c4 Qc6 15.O-O h6
16.d5 exd5 17.e6 fxe6 18.Qg6+ Kd8 19.Rae1 e5 20.Qxc6 bxc6 21.Nxe5 Nxe5 22.Rxe5 Bd6
23.Re6 Kd7 24.Rg6 Be5 25.Rf7+ Ke8 26.Rb7 Bf6 27.Rg3 Kf8 28.Be3 d4 29.Bf4 Kg8
30.Bd6 Kh7 31.Rg4 Rhe8 32.Bxc5 Rad8 33.Rf4 Kg6 34.Bxa7 Bg5 35.Rff7 Bf6 36.Bb6 Re1+
37.Kf2 Rde8 38.Rxf6+ gxf6 39.Bxd4 R8e2+ 40.Kf3 Rxa2 41.Rc7 Rf1+ 42.Ke3 Rxg2
43.Rxc6 Rxh2 44.c5 Kg5 45.Ke4 Re2+ 46.Kd5 Rf3 47.Kc4 h5 48.Rb6 Rf1 49.c6 Re8
50.Rb7 h4 51.Rh7 Rc1+ 52.Kd5 Kg6 53.Rxh4 Rd8+ 54.Ke4 Rxc6 55.Rg4+ Kf7 56.Rf4 Re6+
57.Kf3 Red6 58.Ke3 Kg6 59.Bc5 Rxd3+ 60.Kf2 R3d5 61.Be3 Rf5 62.Kf3 Re5 63.Rg4+ Kf5
64.Rf4+ Ke6 65.Re4 Rd3 66.Rxe5+ fxe5  0-1

[Event "ch-EU"]
[Site "Liverpool ENG"]
[Date "2006.09.12"]
[Round "7"]
[White "Wilson,A"]
[Black "Shaw,J"]
[Result "0-1"]
[WhiteElo "2090"]
[BlackElo "2473"]

1.e4 d6 2.d4 Nf6 3.Nc3 Nbd7 4.Be3 e5 5.Qd2 Be7 6.f3 c6 7.O-O-O O-O 8.g4 b5
9.h4 Nb6 10.dxe5 dxe5 11.Qh2 Qc7 12.h5 b4 13.Nb1 Be6 14.g5 Nfd7 15.Nd2 Bc5
16.Qf2 Bxe3 17.Qxe3 c5 18.b3 a5 19.c4 bxc3 20.Qxc3 a4 21.Bh3 axb3 22.axb3 Ra2
23.Bxe6 fxe6 24.Nb1 c4 25.Rd2 Rxd2 26.Nxd2 Nc5 27.Nxc4 Nxb3+ 28.Qxb3 Nxc4
29.Qc3 Rc8 30.Rh2 Qb6  0-1

[Event "XVI WSen w"]
[Site "Arvier ITA"]
[Date "2006.09.13"]
[Round "3"]
[White "Saunina,L"]
[Black "Erenska Barlo,H"]
[Result "1-0"]
[WhiteElo "2290"]
[BlackElo "2293"]

1.e4 d6 2.d4 Nf6 3.Nc3 c6 4.f4 Qa5 5.Bd3 e5 6.Nf3 Bg4 7.Bd2 Qc7 8.Ne2 Nbd7
9.O-O Be7 10.Qe1 c5 11.c3 O-O 12.Kh1 c4 13.Bc2 Nh5 14.h3 Bxf3 15.Rxf3 Qc6
16.Qf2 Rad8 17.Rf1 exf4 18.Nxf4 Nhf6 19.Re1 Qb5 20.Bc1 Rfe8 21.g4 Bf8 22.g5 Qxg5
23.Ne6 Qa5 24.Nxd8 Qxd8 25.Qg2 g6 26.Bg5 Be7 27.Qf1 b5 28.e5 dxe5 29.dxe5 Nh5
30.Bf4 Bh4 31.Rd1 Qe7 32.Rd5 Nc5 33.Bh2 a6 34.Qd1 Rc8 35.Rd6 Ng7 36.b4 cxb3
37.axb3 Ne8 38.b4 Ne6 39.Rd7 Qg5 40.Rdxf7 Rd8 41.Rd7 Rxd7 42.Qxd7 Qe7 43.Qxe7 Bxe7
44.Bb3 Nc7 45.Rd3 Kf8 46.Rd6 Ng5 47.Rc6 Ne8 48.Kg2 Bd8 49.Bf4 Nf7 50.e6 Ng5
51.Rc8 Be7 52.Bd5  1-0

[Event "EU-chB18"]
[Site "Herceg Novi MNE"]
[Date "2006.09.13"]
[Round "4"]
[White "Glud,J"]
[Black "Llorente Zaro,A"]
[Result "1/2-1/2"]
[WhiteElo "2418"]
[BlackElo "2367"]

1.e4 d6 2.d4 Nf6 3.Nc3 Nbd7 4.g3 e5 5.Be3 g6 6.Bg2 Bg7 7.h3 O-O 8.Nge2 c6
9.a4 a5 10.O-O Re8 11.g4 h6 12.Qd2 exd4 13.Bxd4 Nc5 14.Ng3 Qb6 15.Rad1 Qb4
16.f4 Rd8 17.g5 hxg5 18.f5 Nh7 19.Bxg7 Kxg7 20.e5 Bxf5 21.Nxf5+ gxf5 22.exd6 f4
23.h4 Ne6 24.Bh3 Nf6 25.Bxe6 fxe6 26.hxg5 Qc5+ 27.Rf2 Ng4 28.Ne4 Qe3 29.Qxe3 Nxe3
30.Rd3 e5 31.Nc5 Kg6 32.Nxb7 Rdb8 33.Rb3 Kxg5 34.Nxa5 Rg8 35.Nxc6 Kf5+ 36.Kh1 Rh8+
37.Rh2 Rxh2+ 38.Kxh2 Rh8+ 39.Kg1 Rg8+ 40.Kf2 Rg2+ 41.Ke1 Rg1+ 42.Ke2 Rg2+
43.Ke1 Rg1+ 44.Ke2  1/2-1/2

[Event "EU-chG18"]
[Site "Herceg Novi MNE"]
[Date "2006.09.14"]
[Round "5"]
[White "Atnilov,Be"]
[Black "Kharashuta,E"]
[Result "1-0"]
[WhiteElo "2146"]
[BlackElo "2246"]

1.e4 d6 2.d4 Nf6 3.Nc3 e5 4.dxe5 dxe5 5.Qxd8+ Kxd8 6.Bc4 Be6 7.Bxe6 fxe6
8.f3 a6 9.Nh3 Bb4 10.Bd2 Nbd7 11.Nf2 Ke7 12.Nd3 Bd6 13.Ke2 b5 14.a4 c6 15.Nd1 h6
16.Ne3 Nh5 17.g3 Nhf6 18.Nb4 c5 19.Nc6+ Kf7 20.axb5 axb5 21.Na7 Rab8 22.Ra5 b4
23.Ra6 Rb6 24.Rxb6 Nxb6 25.Nb5 Bb8 26.Ra1 Rc8 27.c3 bxc3 28.Bxc3 Nfd7 29.Na3 Bc7
30.Nac4 Ra8 31.Rxa8 Nxa8 32.Ng4 Nab6 33.Nxb6 Nxb6 34.Nxe5+ Ke8 35.Nd3 Na4
36.Bxg7 c4 37.Nf4 e5 38.Nd5 Bd6 39.Kd2 Nxb2 40.Kc3 Nd3 41.Bxh6 Ne1 42.f4 Nf3
43.Kxc4 Nxh2 44.f5 Ng4 45.Be3 Ba3 46.Bc5 Bc1 47.Kd3 Kd7 48.Ke2 Kc6 49.Be3  1-0

[Event "ch-EU"]
[Site "Liverpool ENG"]
[Date "2006.09.14"]
[Round "9"]
[White "Sarakauskiene,Z"]
[Black "Trevelyan,J"]
[Result "1-0"]
[WhiteElo "2158"]
[BlackElo "2243"]

1.e4 d6 2.d4 Nf6 3.Nc3 e5 4.Nf3 Nbd7 5.Bc4 Be7 6.O-O O-O 7.h3 c6 8.a4 h6
9.Ba2 Nh7 10.Be3 Ng5 11.Nxg5 Bxg5 12.f4 exf4 13.Bxf4 Bxf4 14.Rxf4 Qg5 15.Qf3 Nf6
16.Rf1 Be6 17.d5 cxd5 18.exd5 Bd7 19.Bc4 a6 20.Bd3 Rae8 21.b3 Qe5 22.Ne4 Nxe4
23.Rxe4 Qg5 24.h4 Qd8 25.Rf4 Qe7 26.Kh1 Rc8 27.Re4 Qd8 28.Qg3 f5 29.Ref4 Qe7
30.Bxf5 Bxf5 31.Rxf5 Rxf5 32.Rxf5 Rxc2 33.Kh2 Qe4 34.Rf3 Rd2 35.Rc3 Rd4 36.Qxd6 Qxh4+
37.Rh3 Qf4+ 38.Qxf4 Rxf4 39.Rd3 Kf7 40.Kg3 Rf6 41.Rf3 Rxf3+ 42.Kxf3 Kf6 43.Kf4 a5
44.Ke4 g6 45.Kf4 h5 46.d6 g5+ 47.Ke4 Ke6 48.d7 Kxd7 49.Kf5 g4 50.Kg5 Kd6
51.Kxh5 Kc5 52.Kxg4 Kb4 53.Kf4 Kxb3 54.g4 Kxa4 55.g5 b5 56.g6 b4 57.g7 b3
58.g8=Q Ka3 59.Qf8+ Ka4 60.Qe8+ Kb4 61.Qe1+ Ka4 62.Qa1+ Kb4 63.Ke3 a4 64.Kd3  1-0

[Event "ch-EU"]
[Site "Liverpool ENG"]
[Date "2006.09.14"]
[Round "9"]
[White "Britton,R"]
[Black "Rudd,J"]
[Result "0-1"]
[WhiteElo "2288"]
[BlackElo "2328"]

1.e4 d6 2.d4 Nf6 3.Nc3 c6 4.Nf3 Bg4 5.h3 Bh5 6.Be3 e6 7.g4 Bg6 8.Nd2 d5 9.Bg2 Bb4
10.e5 Nfd7 11.Ne2 c5 12.c3 cxd4 13.Bxd4 Be7 14.O-O Nc6 15.f4 Bd3 16.Rf3 Ba6
17.Ng3 g5 18.f5 Ndxe5 19.Re3 Nxd4 20.cxd4 Qb6 21.Nb3 Nc4 22.Re1 O-O-O 23.fxe6 fxe6
24.Qe2 e5 25.Nf5 Bb4 26.Rec1 Kb8 27.Nc5 Bxc5 28.dxc5 Qxc5+ 29.Kh1 Qb4 30.b3 Qd2
31.Qe1 Qxe1+ 32.Rxe1 Na3 33.Rxe5 d4 34.Ng3 d3 35.Ne4 Rhe8 36.Rxe8 Rxe8 37.Kg1 Nc2
38.Rb1 b6 39.Bf3 Nd4 40.Bg2 Rc8 41.Bf1 Rc2 42.Nf2 Rxa2  0-1

[Event "3rd Szeged Cup"]
[Site "Szeged HUN"]
[Date "2006.09.14"]
[Round "6"]
[White "Schneider,Ve"]
[Black "Olarasu,G"]
[Result "1-0"]
[WhiteElo "2195"]
[BlackElo "2222"]

1.e4 d6 2.d4 Nf6 3.Nc3 e5 4.dxe5 dxe5 5.Qxd8+ Kxd8 6.Bc4 Be6 7.Bxe6 fxe6
8.Nf3 Bd6 9.O-O Nc6 10.Be3 Ke7 11.Rad1 a6 12.Ne1 h6 13.Nd3 g5 14.f3 Nh5 15.g3 Rhf8
16.Ne2 b5 17.c3 Nf6 18.Nf2 Na5 19.b3 Nb7 20.Kg2 Rg8 21.Rh1 Raf8 22.h4 Bc5
23.Bxc5+ Nxc5 24.hxg5 hxg5 25.g4 Ncd7 26.Nd3 c5 27.Ng3 Rf7 28.Rh3 Nh7 29.Rdh1 Nhf8
30.Rh8 Rxh8 31.Rxh8 Ng6 32.Rg8 Nh4+ 33.Kh3 Rxf3 34.Rxg5 Rxd3 35.Kxh4 Rxc3
36.Rg7+ Ke8 37.g5 Rf3 38.g6 Rf8 39.Kg5 c4 40.bxc4 bxc4 41.Rh7 c3 42.Rh1 Rg8
43.Nh5 Ke7 44.Rc1 Rc8 45.g7 c2 46.Kg6 a5 47.Kh7 Nf8+ 48.gxf8=Q+ Kxf8 49.Kg6 Ke7
50.Kg5 Rg8+ 51.Kh4 Rg2 52.Kh3 Rd2 53.Ng3 Kd6 54.Kg4 Rf2 55.Nf1 Rf4+ 56.Kg3 Rxe4
57.Rxc2 Ra4 58.Ne3 Ra3 59.Kf3 Ke7 60.Ke4 Kf6 61.Nc4 Ra4 62.a3 Ke7 63.Kd3 e4+
64.Kxe4  1-0

[Event "TCh-ESP Honor Gp2"]
[Site "San Sebastian ESP"]
[Date "2006.09.15"]
[Round "3"]
[White "Fernandez Romero,Ern"]
[Black "Bauer,Ch"]
[Result "1/2-1/2"]
[WhiteElo "2436"]
[BlackElo "2599"]

1.e4 d6 2.d4 Nf6 3.Nc3 Nbd7 4.g4 h6 5.h3 e5 6.Nge2 c6 7.Bg2 b5 8.a3 Bb7 9.O-O a5
10.Ng3 Qc7 11.Be3 g6 12.f4 h5 13.g5 h4 14.gxf6 hxg3 15.fxe5 dxe5 16.d5 Nb6
17.Qf3 Nc4 18.Bc1 Bc5+ 19.Kh1 Bf2 20.Nd1 cxd5 21.Nxf2 gxf2 22.exd5 O-O-O
23.Qxf2 Bxd5 24.Kh2 Qc6 25.b3 Bxg2 26.Qxg2 Qxg2+ 27.Kxg2 Nd6 28.Re1 Rh5 29.Bd2 a4
30.Rad1 Nf5 31.bxa4 bxa4 32.Bc1 Rd6 33.Rd3 Rxf6 34.Re4 Rc6 35.c3 Nd6 36.Rxa4 e4
37.Rdd4 Rxc3 38.Rxd6 Rxc1 39.Rxe4 Rc2+ 40.Kg1 Rxh3 41.Re8+ Kc7 42.Rf6 Rg3+
43.Kf1 Rxa3 44.Rxf7+ Kd6 45.Rf6+ Kd7 46.Re2 Rxe2 47.Kxe2 Rg3 48.Kf2  1/2-1/2

[Event "12th DDS League and Open"]
[Site "Tuzla BIH"]
[Date "2006.09.15"]
[Round "1"]
[White "Stojanovic,Da"]
[Black "Dugonjic,D"]
[Result "1-0"]
[WhiteElo "2472"]
[BlackElo "2132"]

1.e4 d6 2.d4 Nf6 3.Nc3 e5 4.Nf3 Nbd7 5.Bc4 Be7 6.O-O O-O 7.Re1 c6 8.a4 a5
9.b3 h6 10.Bb2 Re8 11.h3 Qc7 12.Qd2 Nf8 13.Bf1 Ng6 14.g3 Nh7 15.d5 Ng5 16.Nxg5 Bxg5
17.Qe2 c5 18.h4 Be7 19.Qf3 Rf8 20.Bd3 Bd8 21.Nd1 Ne7 22.Ne3 g6 23.g4 Kg7
24.Qg3 g5 25.h5 f6 26.Qf3 Bd7 27.Qe2 Qc8 28.Bb5 Bc7 29.Bc3 b6 30.Bd2 Rd8
31.Bd3 Rf8 32.Rec1 Qb7 33.c3 Rfb8 34.Bb5 Rd8 35.b4 Bxb5 36.Qxb5 Qa6 37.Qxa6 Rxa6
38.bxc5 dxc5 39.Kf1 Nc8 40.Ke2 Nd6 41.Kd3 Kf7 42.Rcb1 Ke7 43.Bc1 Kd7 44.Ba3 Rda8
45.Ra2 R8a7 46.Rab2 Ra8 47.f3 R8a7 48.Nc4 Nxc4 49.Kxc4 Kd6 50.Rb5 Ra8 51.Bxc5+ bxc5
52.Rxc5 Kd7 53.Rb7 Rc8 54.Kb5 Raa8 55.Rc6 Rab8 56.Rxc7+ Rxc7 57.Rxb8 Rxc3
58.Rb7+ Kc8 59.Rh7 Rxf3 60.Kc6 Rc3+ 61.Kd6 Re3 62.Rh8+ Kb7 63.Ke6 Rxe4 64.d6  1-0

[Event "EU-chG18"]
[Site "Herceg Novi MNE"]
[Date "2006.09.17"]
[Round "7"]
[White "Fidalgo Fernandez,L"]
[Black "Kharashuta,E"]
[Result "0-1"]
[WhiteElo "2105"]
[BlackElo "2246"]

1.e4 d6 2.d4 Nf6 3.Nc3 e5 4.Nge2 Be7 5.f3 c6 6.Be3 O-O 7.Qd2 b5 8.g4 Nbd7
9.Ng3 exd4 10.Qxd4 Ne5 11.Be2 Qa5 12.Nf5 Bxf5 13.gxf5 Ne8 14.Rg1 Bf6 15.Qd2 Rb8
16.Bg5 Bxg5 17.Qxg5 f6 18.Qh5 b4 19.Nd1 Qc5 20.Rg3 Qxc2 21.f4 Nc4 22.Rd3 d5
23.exd5 Rd8 24.Qf3 cxd5 25.Rxd5 Ned6 26.b3 Nb6 27.Rd2 Qc5 28.Ne3 Rfe8 29.Rd3 Rd7
30.Nd5 Ne4 31.Nxb6 Rxd3 32.Qxd3 Qg1+  0-1

[Event "EU-chG18"]
[Site "Herceg Novi MNE"]
[Date "2006.09.19"]
[Round "9"]
[White "Choisy,M"]
[Black "Kharashuta,E"]
[Result "0-1"]
[WhiteElo "2145"]
[BlackElo "2246"]

1.e4 d6 2.d4 Nf6 3.Nc3 e5 4.dxe5 dxe5 5.Qxd8+ Kxd8 6.Bc4 Be6 7.Bxe6 fxe6
8.Be3 Bb4 9.O-O-O+ Nbd7 10.Nge2 a6 11.f3 Ke7 12.a3 Bd6 13.Rd2 b5 14.Rhd1 Rhb8
15.Nb1 a5 16.b3 Ra6 17.Kb2 h6 18.Nbc3 Nc5 19.Na2 Nfd7 20.Nec1 Rc6 21.Nd3 Na6
22.Ndc1 Nb6 23.Bxb6 Rbxb6 24.Nd3 Nb8 25.Re2 Nd7 26.Red2 Rb8 27.Re2 Ra6 28.Nc3 c5
29.a4 c4 30.Nc1 bxa4 31.Nxa4 Nb6 32.Nc3 a4 33.bxc4 Nxc4+ 34.Ka1 Bc5 35.N3a2 Rab6
36.Nd3 Na3 37.Nc3 Bd4 38.Ka2 Nc4 39.Nb1 Nb2 40.c3 Nxd1  0-1

[Event "XVI WSen w"]
[Site "Arvier ITA"]
[Date "2006.09.20"]
[Round "9"]
[White "Saunina,L"]
[Black "Beliaeva,N"]
[Result "1-0"]
[WhiteElo "2290"]
[BlackElo "2078"]

1.e4 d6 2.d4 Nf6 3.Nc3 c6 4.f4 Qa5 5.Bd3 e5 6.Nf3 Bg4 7.Be3 Nbd7 8.Qd2 Bxf3
9.gxf3 Be7 10.a3 Nh5 11.b4 Bh4+ 12.Bf2 Bxf2+ 13.Qxf2 Qb6 14.fxe5 dxe5 15.Ne2 exd4
16.Qxd4 Qxd4 17.Nxd4 O-O-O 18.Kf2 Ne5 19.Ke3 g5 20.h4 h6 21.hxg5 hxg5 22.Ne2 Ng7
23.Nd4 Kc7 24.a4 a6 25.c3 Nxd3 26.Kxd3 Ne6 27.Ke3 Nf4 28.a5 f6 29.Kf2 Nd3+
30.Kg3 Nf4 31.Kg4 Kd6 32.Kf5 Ke7 33.Rad1 Ng2 34.Rxh8 Rxh8 35.Kg6 Nh4+ 36.Kg7 Rd8
37.Rh1 Rf8 38.Nf5+ Ke8 39.Nxh4 gxh4 40.Rxh4 Ke7 41.Rf4 Rf7+ 42.Kg6 Ke6 43.Rf5 Rf8
44.Kg7 Rf7+ 45.Kg8 Rd7 46.Kf8 Rd8+ 47.Kg7 Rd3 48.Rxf6+ Ke5 49.Rf5+ Ke6 50.Rf7 Rxc3
51.f4 Rc4 52.f5+ Kd6 53.Rxb7 Rxe4 54.f6 Rg4+ 55.Kf8 Ke6 56.f7  1-0

[Event "14th Bora Kostic Mem"]
[Site "Vrsac SCG"]
[Date "2006.09.21"]
[Round "9"]
[White "Spraggett,K"]
[Black "Ivanisevic,I"]
[Result "1/2-1/2"]
[WhiteElo "2577"]
[BlackElo "2596"]

1.e4 d6 2.d4 Nf6 3.Nc3 e5 4.Nge2 c6 5.f3 Be7 6.Be3 O-O 7.g4 Nbd7 8.Qd2 Nb6
9.Qd1 Nbd7 10.Ng3 Nb6  1/2-1/2

[Event "Open A"]
[Site "Graz AUT"]
[Date "2006.09.22"]
[Round "7"]
[White "Huber,Ad"]
[Black "Brunner,G"]
[Result "1-0"]
[WhiteElo "2058"]
[BlackElo "2027"]

1.e4 d6 2.d4 Nf6 3.Nc3 e5 4.dxe5 dxe5 5.Qxd8+ Kxd8 6.Bg5 Be6 7.O-O-O+ Nd7
8.a3 Kc8 9.f3 a6 10.Nge2 b5 11.Nd5 Nxd5 12.exd5 Bf5 13.g4 Bg6 14.Ng3 f6 15.Be3 Nc5
16.Bg2 Rb8 17.h4 Nb7 18.h5 Bf7 19.f4 exf4 20.Bxf4 Bd6 21.Rhf1 Bxf4+ 22.Rxf4 Nd6
23.h6 Rg8 24.hxg7 Rxg7 25.Rxf6 Rxg4 26.Bh3  1-0

[Event "15th TCh-CRO"]
[Site "Sibenik CRO"]
[Date "2006.09.23"]
[Round "2"]
[White "Ljubicic,F"]
[Black "Jovanovic,Zo CRO"]
[Result "1/2-1/2"]
[WhiteElo "2417"]
[BlackElo "2543"]

1.e4 d6 2.d4 Nf6 3.Nc3 e5 4.Nf3 exd4 5.Nxd4 Be7 6.Be2 O-O 7.O-O Re8 8.f4 c5
9.Nf3 Nc6 10.f5 a6 11.a4 Nb4 12.Bc4 d5 13.Nxd5 Nxe4 14.Ne5 Rf8 15.c3 Nxd5
16.Qxd5 Qxd5 17.Bxd5 Nf6 18.Bc4 Bd6 19.Bf4 Bxe5 20.Bxe5 Bd7 21.a5 Bb5  1/2-1/2

[Event "Glassy Stream Masters"]
[Site "Kharkiv UKR"]
[Date "2006.09.24"]
[Round "3"]
[White "Kharchenko,B"]
[Black "Ivanov,AA"]
[Result "1-0"]
[WhiteElo "2363"]
[BlackElo "2394"]

1.e4 d6 2.d4 Nf6 3.Nc3 c6 4.Nf3 Qa5 5.Bd2 Nbd7 6.Bc4 h6 7.O-O e5 8.Qe2 Qc7
9.dxe5 dxe5 10.Nh4 Nb6 11.Bb3 Bg4 12.f3 Bc5+ 13.Be3 Bxe3+ 14.Qxe3 Bd7 15.Qc5 O-O-O
16.Bxf7 Rhf8 17.Bb3 Rfe8 18.Rad1 Be6 19.Bxe6+ Rxe6 20.Rxd8+ Qxd8 21.Nf5 Nfd7
22.Qf2 Qf8 23.b3 g6 24.Ng3 h5 25.Nge2 Rf6 26.Rd1 Qc5 27.Qxc5 Nxc5 28.h4 Ne6
29.Kf2 Kc7 30.Ke3 Nd7 31.a4 Rf7 32.Nb1 Nf4 33.Nxf4 Rxf4 34.g3 Rf6 35.Na3 Re6
36.Nc4 Nf6 37.Rd2 b5 38.axb5 cxb5 39.Na5 Nd7 40.Rd5 a6 41.c4 Nf6 42.Rc5+ Kb6
43.b4 Nd7 44.Rd5 Nf6 45.c5+ Kc7 46.Rd2 Ne8 47.g4 Nf6 48.g5 Nd7 49.f4 exf4+
50.Kxf4 Ne5 51.Rd5 Nf7 52.e5 Re8 53.Ke4 Rf8 54.c6 Nd8 55.Rd7+  1-0

[Event "Tatry Open"]
[Site "Tatranske Zruby SVK"]
[Date "2006.09.24"]
[Round "2"]
[White "Jandecka,T"]
[Black "Taborska,V"]
[Result "1/2-1/2"]
[WhiteElo "2206"]
[BlackElo "2033"]

1.e4 d6 2.d4 Nf6 3.Nc3 e5 4.Nf3 Nbd7 5.Bc4 Be7 6.O-O O-O 7.h3 c6 8.a4 b6
9.d5 cxd5 10.Nxd5 Bb7 11.Re1 Rc8 12.Nxf6+ Nxf6 13.Qd3 d5 14.Bxd5 Bxd5 15.exd5 e4
16.Rxe4 Nxe4 17.Qxe4 Bf6 18.Ra2 Re8 19.Qd3 Be7 20.c4 Bd6 21.Be3 Qe7 22.Ng5 Qxg5
23.Bxg5 Re1+ 24.Qf1 Rxf1+ 25.Kxf1 Rxc4 26.b3 Rd4 27.Rd2 Rb4 28.Rd3 f6 29.Be3 Kf7
30.f3 Rh4 31.Bf2 Rh5 32.a5 bxa5 33.Bxa7 Ke7 34.Bb6 Bb4 35.f4 Kd6 36.Ke2 Rxd5
37.f5 Rxd3 38.Kxd3 Ke5 39.g4 g6 40.fxg6 hxg6 41.h4 Ke6 42.Ke4 f5+ 43.gxf5+ gxf5+
44.Kf4 Kf6 45.Bd8+ Kg6 46.Ke5 Bc3+ 47.Kf4 Bd2+ 48.Kf3  1/2-1/2

[Event "XVI Gros Open"]
[Site "San Sebastian ESP"]
[Date "2006.09.25"]
[Round "5"]
[White "Pinilla Santibanez,R"]
[Black "Garcia Castro,P"]
[Result "0-1"]
[WhiteElo "2114"]
[BlackElo "2336"]

1.e4 Nf6 2.Nc3 d6 3.d4 e5 4.dxe5 dxe5 5.Qxd8+ Kxd8 6.Bc4 Be6 7.Bxe6 fxe6
8.Bg5 Nd7 9.O-O-O a6 10.f4 Ke8 11.Nf3 Ng4 12.Rhe1 h6 13.a3 hxg5 14.Nxg5 Ngf6
15.Nxe6 Rc8 16.Nd5 c6 17.Ne3 exf4 18.Nf5 g6 19.Nxf8 Kxf8 20.Nd6 Rc7 21.Rf1 Ke7
22.Rxf4 Ne5 23.c4 c5 24.g4 Rd7  0-1

[Event "Tatry Open"]
[Site "Tatranske Zruby SVK"]
[Date "2006.09.25"]
[Round "4"]
[White "Cvicela,A"]
[Black "Behul,B"]
[Result "1-0"]
[WhiteElo "2280"]
[BlackElo "2168"]

1.e4 d6 2.d4 Nf6 3.Nc3 c6 4.f4 Qa5 5.Bd2 e5 6.dxe5 dxe5 7.f5 Nbd7 8.Nf3 Qb4
9.Bd3 Qxb2 10.Rb1 Qa3 11.O-O Qc5+ 12.Kh1 Be7 13.Qe2 b5 14.Nd1 a5 15.Be3 Qd6
16.Nf2 O-O 17.g4 Nc5 18.g5 Nxd3 19.cxd3 Nd7 20.Nh4 g6 21.Ng4 Bd8 22.Rf3 Nc5
23.Bxc5 Qxc5 24.Nf6+ Kg7 25.Rbf1 Ra7 26.Rh3 Rh8 27.Qg4 Qd6 28.Nxg6 fxg6 29.Rxh7+ Rxh7
30.Ne8+ Kg8 31.Nxd6 Bd7 32.Qg1 Rc7 33.fxg6 Rh5 34.Qf2  1-0

[Event "15th TCh-CRO w"]
[Site "Sibenik CRO"]
[Date "2006.09.26"]
[Round "5"]
[White "Repkova,E"]
[Black "Srebrnic,A"]
[Result "1/2-1/2"]
[WhiteElo "2351"]
[BlackElo "2318"]

1.e4 d6 2.d4 Nf6 3.Nc3 e5 4.Nf3 Nbd7 5.Bc4 Be7 6.O-O h6 7.a4 a5 8.Re1 c6
9.b3 Qc7 10.Bb2 Nb6 11.Bf1 Bg4 12.Re3 g5 13.h3 Be6 14.dxe5 dxe5 15.Nb5 cxb5
16.Bxe5 Qc5 17.Bd4 Qc7 18.Be5 Qc5 19.Bd4 Qc7 20.Be5  1/2-1/2

[Event "15th TCh-CRO"]
[Site "Sibenik CRO"]
[Date "2006.09.26"]
[Round "5"]
[White "Ljubicic,F"]
[Black "Tratar,M"]
[Result "0-1"]
[WhiteElo "2417"]
[BlackElo "2503"]

1.e4 d6 2.d4 Nf6 3.Nc3 e5 4.Nf3 Nbd7 5.Bc4 Be7 6.O-O O-O 7.Re1 c6 8.a4 b6
9.d5 cxd5 10.Nxd5 Nxd5 11.Bxd5 Rb8 12.b3 Nf6 13.Bc4 Bb7 14.Bd3 Qc7 15.Bb2 g6
16.Nd2 Nd7 17.Bc4 Nc5 18.f3 a6 19.Kh1 Kh8 20.Qe2 Bc6 21.Bd5 Bxd5 22.exd5 b5
23.axb5 axb5 24.Ba3 f5 25.Bb4 Bf6 26.Ra5 Qb6 27.c3 Na6 28.Rea1 Nxb4 29.cxb4 Qd4
30.Rd1 Qxb4 31.Ra6 Rfc8 32.g3 Rc2 33.Qe3 Rbc8 34.Ra7 Qc5 35.Nf1 Qxe3 36.Nxe3 R2c3
37.Re1 Bg5 38.Ng2 Rxf3 39.Rd7 Rd8 40.Rb7 Rxb3 41.Ra1 Rc8 42.Rd7 Rc1+ 43.Rxc1 Bxc1
44.Rxd6 Rb1 45.Rd8+ Kg7 46.Rd7+ Kf6 47.h4 Be3+ 48.Kh2 Bg1+ 49.Kh3 Bf2 50.Kh2 Rb3  0-1

[Event "Tatry Open"]
[Site "Tatranske Zruby SVK"]
[Date "2006.09.26"]
[Round "5"]
[White "Lukac,R"]
[Black "Klemanic,E"]
[Result "0-1"]
[WhiteElo "2164"]
[BlackElo "2293"]

1.e4 d6 2.d4 Nf6 3.Nc3 e5 4.Nf3 Nbd7 5.Be2 Be7 6.h3 c6 7.a4 O-O 8.O-O b6
9.Be3 Qc7 10.Qd2 a6 11.Rfe1 Bb7 12.Bf1 b5 13.Bg5 Rfe8 14.dxe5 dxe5 15.Nh4 g6
16.Kh1 Nc5 17.Qe3 Ne6 18.Bh6 b4 19.Nd1 c5 20.f3 Nh5  0-1

[Event "15th TCh-CRO w"]
[Site "Sibenik CRO"]
[Date "2006.09.28"]
[Round "7"]
[White "Krivec,J"]
[Black "Srebrnic,A"]
[Result "1/2-1/2"]
[WhiteElo "2316"]
[BlackElo "2318"]

1.e4 d6 2.d4 Nf6 3.Nc3 e5 4.dxe5 dxe5 5.Qxd8+ Kxd8 6.Bc4 Be6 7.Bxe6 fxe6
8.Bg5 Bd6 9.O-O-O Ke7 10.f3 Nc6  1/2-1/2

[Event "Tatry Open"]
[Site "Tatranske Zruby SVK"]
[Date "2006.09.28"]
[Round "7"]
[White "Vojtek,V"]
[Black "Klemanic,E"]
[Result "0-1"]
[WhiteElo "2387"]
[BlackElo "2293"]

1.e4 d6 2.d4 Nf6 3.Nc3 e5 4.Nf3 Nbd7 5.g3 g6 6.Bg2 Bg7 7.O-O O-O 8.Re1 c6
9.a4 Qc7 10.h3 Re8 11.Be3 b6 12.Qd2 Bb7 13.a5 b5 14.a6 Bc8 15.Bh6 b4 16.Nd1 Rb8
17.dxe5 dxe5 18.Nh4 Nc5 19.Bxg7 Kxg7 20.Nf5+ Kh8 21.Qd6 Qxd6 22.Nxd6 Rf8
23.Ra5 Nfd7 24.Ne3 b3 25.c3 Bxa6 26.Rea1 Rb6 27.h4 Bd3 28.Rxa7 Kg7 29.R1a5 Kf6
30.Bh3 Ke7 31.Ndc4 Bxc4 32.Nxc4 Rb7 33.Rxb7 Nxb7 34.Ra7 Ndc5 35.Na5 Kf6 36.Nxb7 Nxe4
37.Ra6 Kg7 38.Bg2 Nd2 39.Nc5 Rd8 40.Rb6 Nc4 41.Rxb3 Rd1+ 42.Kh2 Rd2 43.Ne4 Rc2
44.Bf1 Nxb2 45.Kg1 f5 46.Rb7+ Kf8 47.Nf6 e4 48.Nxh7+ Ke8 49.Nf6+ Kf8 50.Rb6 Nd3
51.Rxc6 Nxf2 52.Rc7 Nd3 53.Nd5 Ne5 54.Bg2 Rc1+ 55.Bf1 Rc2 56.Bg2 Rc1+ 57.Bf1 Rc2
58.Rc8+ Kg7 59.Bb5 Nf3+ 60.Kf1 Nh2+ 61.Ke1 Nf3+ 62.Kf1 Nh2+ 63.Ke1 Nf3+ 64.Kd1 Rd2+
65.Kc1 Rxd5 66.c4 Re5 67.Re8 Rc5 68.Kc2 Nd4+ 69.Kc3 Nxb5+ 70.Kb4 Nd6 71.Re7+ Kf6
72.Rh7 Rxc4+ 73.Kb3 e3 74.Rd7 Ke6 75.Ra7 e2 76.Ra1 Re4 77.Re1 Nc4 78.Kc3 Ne5  0-1

[Event "XVI Gros Open"]
[Site "San Sebastian ESP"]
[Date "2006.09.29"]
[Round "9"]
[White "Kasparov,S"]
[Black "Paunovic,D"]
[Result "1-0"]
[WhiteElo "2491"]
[BlackElo "2506"]

1.e4 d6 2.d4 Nf6 3.Nc3 e5 4.dxe5 dxe5 5.Qxd8+ Kxd8 6.Bc4 Be6 7.Bxe6 fxe6
8.f3 Bd6 9.Be3 a6 10.Nh3 Ke7 11.Nf2 Nbd7 12.Ke2 Bc5 13.Ncd1 Rhd8 14.Nd3 Bd6
15.b3 Nb8 16.N1b2 Nc6 17.c3 b5 18.a4 Rdb8 19.Rhb1 Nd7 20.b4 Kf7 21.Ra2 Rg8
22.axb5 axb5 23.Rba1 Rxa2 24.Rxa2 h5 25.Ra6 Ndb8 26.Ra8 Nd7 27.Rxg8 Kxg8
28.Kd2 Kf7 29.Kc2 Nf8 30.Kb3 Ng6 31.g3 Ke8 32.c4 bxc4+ 33.Nxc4 Kd7 34.b5 Nd8
35.Ka4 Nf7 36.Ka5 h4 37.Ka6 hxg3 38.hxg3 Be7 39.Bc1 Bd6 40.Bd2 Ne7 41.Bc3 Ng6
42.Nxd6 Nxd6 43.Nxe5+ Nxe5 44.Bxe5 Nc4 45.Bxg7 Nd2 46.f4 Nxe4 47.g4 Kc8 48.Bd4 Nd6
49.Be5 Nc4 50.g5 Ne3 51.g6 Nf5 52.g7 Nh6 53.Ka7 Ng8 54.Bxc7  1-0

[Event "Tatry Open"]
[Site "Tatranske Zruby SVK"]
[Date "2006.09.29"]
[Round "8"]
[White "Janos,I"]
[Black "Hagara,V"]
[Result "1-0"]
[WhiteElo "2133"]
[BlackElo "1972"]

1.e4 d6 2.d4 Nf6 3.Nc3 c6 4.f4 Qa5 5.Bd3 e5 6.Nf3 exd4 7.Nxd4 Qb6 8.Be2 Nbd7
9.O-O Qc7 10.Kh1 Nc5 11.e5 Nfe4 12.Nxe4 Nxe4 13.Bf3 dxe5 14.fxe5 Nc5 15.Bh5 g6
16.e6 Nxe6 17.Bg4 Bg7 18.Nxe6 Bxe6 19.Bxe6 fxe6 20.Qg4 e5 21.Bg5 Qc8 22.Qb4 c5
23.Qb5+ Qc6 24.Qb3 c4 25.Qb4 Bf8 26.Rxf8+  1-0

[Event "1st TCH-MNE"]
[Site "Herceg Novi MNE"]
[Date "2006.09.30"]
[Round "9"]
[White "Rabrenovic,M"]
[Black "Narancic,V"]
[Result "1/2-1/2"]
[WhiteElo "2341"]
[BlackElo "2341"]

1.e4 d6 2.d4 Nf6 3.Nc3 c6 4.Be3 Qc7 5.Qd2 Nbd7 6.Nf3 e5 7.O-O-O Be7 8.h3 b5
9.Bd3 a6 10.g4 Bb7 11.g5 Nh5 12.Be2 g6 13.Kb1 b4 14.Na4 c5 15.dxe5 dxe5 16.Qxd7+ Qxd7
17.Rxd7 Kxd7 18.Nb6+ Kc7 19.Nxa8+ Rxa8 20.Nxe5 Bxe4 21.Re1 f5 22.gxf6 Nxf6
23.Bg5 Nd5 24.Bxe7 Nxe7 25.Bf1 Bf5 26.Nd3 Bxd3 27.Bxd3 Nc6  1/2-1/2

[Event "Glassy Stream Masters"]
[Site "Kharkiv UKR"]
[Date "2006.09.30"]
[Round "11"]
[White "Ogleznev,A"]
[Black "Ivanov,AA"]
[Result "1-0"]
[WhiteElo "2207"]
[BlackElo "2394"]

1.e4 d6 2.d4 Nf6 3.Nc3 c6 4.f4 Qa5 5.e5 Ne4 6.Qf3 f5 7.exf6 Nxf6 8.Bd3 Bf5
9.b4 Qxb4 10.Bxf5 g6 11.Be6 Qxd4 12.Nge2 Qb6 13.Rb1 Qc7 14.O-O Nbd7 15.Be3 Bg7
16.Nd4 Nc5 17.f5 Kd8 18.Rfd1 Nfd7 19.Ne4 Nxe4 20.Qxe4 Nc5 21.Nxc6+ Qxc6 22.Qxc6 bxc6
23.Bxc5 Kc7 24.Bd4 Bxd4+ 25.Rxd4 Rab8 26.Rb3 gxf5 27.Bxf5 h6 28.Ra4 Rb7 29.g4 e5
30.Kg2 d5 31.h4 Rf8 32.Kg3 Rf6 33.Rxb7+ Kxb7 34.Ra3 Rf8 35.Re3 Re8 36.g5 hxg5
37.hxg5 Kc7 38.Bh7 Re7 39.g6 e4 40.Kf4 Kd6 41.Bg8 Rc7 42.Bf7 c5 43.Kg5 Ke5
44.g7 Rxf7 45.g8=Q Rf2 46.Qh8+ Kd6 47.Rh3 Kc6 48.Qe8+  1-0

[Event "15th TCh-CRO"]
[Site "Sibenik CRO"]
[Date "2006.10.01"]
[Round "10"]
[White "Brkic,A"]
[Black "Jovanovic,Zo CRO"]
[Result "1/2-1/2"]
[WhiteElo "2547"]
[BlackElo "2543"]

1.e4 d6 2.d4 Nf6 3.Nc3 e5 4.dxe5 dxe5 5.Qxd8+ Kxd8 6.Bg5 c6 7.Bc4 Ke8 8.Nf3 Nbd7
9.O-O-O Be7 10.a3 Bd8 11.Bh4 h6 12.Rd2 Bc7 13.Rhd1 Ke7 14.b4 Nf8 15.Ne1 Ng6
16.Bg3 Nh5 17.Kb2  1/2-1/2

[Event "Corporacion del Sur A"]
[Site "Buenos Aires ARG"]
[Date "2006.10.02"]
[Round "1"]
[White "Fier,A"]
[Black "Felgaer,R"]
[Result "1/2-1/2"]
[WhiteElo "2490"]
[BlackElo "2591"]

1.e4 d6 2.d4 Nf6 3.Nc3 e5 4.dxe5 dxe5 5.Qxd8+ Kxd8 6.Bc4 Be6 7.Bxe6 fxe6
8.f3 Bd6 9.Be3 Ke7 10.O-O-O a6 11.Nge2 Nc6 12.b3 h6 13.Kb2 g5 14.h3 Nh5 15.h4 Kf6
16.Rh2 Kg6 17.Rdh1 Rh7 18.hxg5 hxg5 19.g4 Nf6 20.Rxh7 Nxh7 21.Nb1  1/2-1/2